00937 a2200205 4500003000500000005001700005020001500022040000900037082001600046100002500062245005300087260003200140300000900172505032600181600002600507650003000533942002500563999001900588952012400607Nust20221121102304.0 a0822017121 cNust a515.353,NIE aNielsen Kaj L939242 aCalculus and Analytic Geometry / cNielsen Kaj L aLincolnbCliffs Notesc1970 a170p aReview Of Algebra (Page-1), Functions, Limits, Continuity (Page-7), Applications Of The Derivative (Page-25), Trigonometric Functions (Page-49), The Conics (Page-61), Polar Coordinates (Page-85), Method Of Integrations (Page-103), Series (Page-121), Solid Analytic Geometry (Page-127), Partial Differentiation (Page-139). aKaj L Nielsen9103236 aAnalytic Geometry9103237 2ddccBKk515.353,NIE c182001d182001 00102ddc4070aMCSbMCScGENd2016-12-12o515.35,NIEpMCS7140r2016-12-08w2016-12-12yBKzAlmirah No.13, Shelf No.4